Statistics for Golden State Warriors 2000's Starters

Click here to take the quiz!

General Stats

  • This quiz has been taken 52 times
    (22 since last reset)
  • The average score is 8 of 23

Answer Stats

Player Starts % Correct
Monta Ellis3
90%
Jason Richardson6
86%
Baron Davis3
76%
Stephen Jackson2
71%
Andris Biedriņš3
57%
Antawn Jamison3
52%
Erick Dampier3
43%
Adonal Foyle4
43%
Al Harrington2
38%
Troy Murphy3
33%
Gilbert Arenas1
33%
Bob Sura1
29%
Clifford Robinson1
24%
Mike Dunleavy3
24%
Mookie Blaylock2
19%
Jamal Crawford1
19%
Danny Fortson1
14%
Larry Hughes1
14%
Kelenna Azubuike1
14%
Speedy Claxton1
14%
Nick Van Exel1
10%
Donyell Marshall1
10%
Jason Caffey1
10%

Score Distribution

Percentile by Number Answered

Percent of People with Each Score

Your Score History

You have not taken this quiz since the last reset